Les Indiens de la Caraibe

Αποθηκεύτηκε σε:
Λεπτομέρειες βιβλιογραφικής εγγραφής
Κύριος συγγραφέας: Singaravelou
Άλλοι συγγραφείς: Lasserre, Guy (Συγγραφέας εισαγωγής κ.λπ.)
Μορφή: Άγνωστο
Γλώσσα:French
Δημοσίευση: Paris : L'Harmattan, c1987
Θέματα:
Ετικέτες: Προσθήκη ετικέτας
Δεν υπάρχουν, Καταχωρήστε ετικέτα πρώτοι!

MARC

LEADER 00000c a2200000 4500
001 1/105154
008 950609s1987 fr db|||||||||||| ||fre|d
020 |a 285802748X  |q (τ. 1)  
020 |a 2858028044  |q (τ. 2)  
020 |a 2858028060  |q (τ. 3)  
040 |a GR-MY-UA  |b gre  |e aacr 
041 0 |a fre 
082 0 |a 972.9004914 
100 0 |a Singaravelou. 
245 1 4 |a Les Indiens de la Caraibe /  |c Singaravelou ; preface de Guy Lasserre 
260 |a Paris :   |b L'Harmattan,   |c c1987 
300 |a 3 τ. :   |b εικ., χάρτες ;   |c 24 εκ.  
505 8 |a τ. 2. Croissance demographique et integration economique des indiens depuis 1945 -- τ. 3. Tradition et modernite : contribution a la geographie de l'adaptation socio-culturelle.  
504 |a Περιλαμβάνει βιβλιογραφικές παραπομπές.  
650 0 0 |a East Indians  |z Caribbean Area. 
700 1 |a Lasserre, Guy,  |e aui 
852 |a INST  |b LESVOS  |e 20210730  |h 972.9004914 SIN  |p 005100005379  |q 005100005379  |t BK  |v τομ.1:  |y 0 
852 |a INST  |b LESVOS  |e 20210730  |h 972.9004914 SIN  |p 005100005380  |q 005100005380  |t BK  |v τομ.2:  |y 0 
852 |a INST  |b LESVOS  |e 20210730  |h 972.9004914 SIN  |p 005100005381  |q 005100005381  |t BK  |v τομ.3:  |y 0 
853 |a INST  |b LESVOS  |h 972.9004914 SIN 
909 |a Λ  |b 015286 
909 |a Λ  |b 015285 
909 |a Λ  |b 015284